000 00390pam a2200157a 44500
008 230515b2003 xxu||||| |||| 00| 0 eng d
020 _aNULL
041 _aENGLISH
082 _a624 ROX
100 _aMCDONALD ROXANNA
245 _aINTRODUCTION TO NATURAL & MAN MADE DISASTERS AND THEIR EFFECTS ON BUILDINGS
250 _a1
260 _a
_bNA
_c2003
300 _a240
650 _aNULL
999 _c637840
_d637840